01030nas a2200229Ia 4500001001100000003000900011008004100020040001300061040001300074041001300087100004500100210001600145222001600161245011700177250001100294260004600305501008600351300001900437362004400456500026400500650003600764R061/G3702IT-RoPAU151124c99999999xx |||||||||||| ||und|| aIT-RoPAU cIT-RoPAU aFRANCESE aLaverger CyrilgCodice Aut. SPICS: 54594 aCINEMACTION aCinemaction aCINEMACTION, N.095 (2000) - LE CINEMA DU SAM'DI SOIRbNanars Des Annees 80 (Les): Une Fin De Regne Peu Glorieuse a1a ed. aCONDE' SUR NOIREAU (FRANCE)bCORLETc2000 bPaulus - SPICS - Società San Paolo EM (non-commercial uses only)cCopyright2015 a8 p. [165-172] aN.095 (2000) - LE CINEMA DU SAM'DI SOIR aBrutti (Nanars) Film Anni 80: Fine di un Regno Poco Glorioso. Film Comici che Hanno Avuto anche Grandi Successi, ma Poi Rovinati Dal Denaro e Dal Sesso. Sottocategoria: Film Sulla Omosessualità. Evoluzione dei Costumi e Popolarità del Cinema Pornografico. aCINEMAvPUBBLICAZIONE PERIODICA